00238nam a2200085Ia 4500001000800000005001700008008004100025245006500066260002100131109844420250827003111.0250824s9999 xx 000 0 und d 0aMÜMKÜN ÖYKÜLERİN EN İYİSİcAYKUT ERTUĞRUL bKETEBE YAYINLARI